Stemmi delle province italiane #1 - Statistics

Statistiche generali
  • Questo quiz è stato fatto 91 volte
  • Il punteggio medio è 9 su 41
Statistiche sulle risposte
con Immagini Risposta % Corretto
Firenze
73%
Cagliari
70%
Bolzano
61%
Valle d'Aosta
60%
Torino
58%
Genova
47%
Asti
39%
Catania
38%
Trento
31%
Udine
31%
Parma
29%
Napoli
27%
Salerno
26%
Viterbo
22%
Catanzaro
19%
Lecce
19%
Brindisi
18%
Milano
17%
Benevento
16%
Roma
16%
Sassari
13%
Barletta-Andria-Trani
12%
Avellino
10%
Biella
10%
Pisa
10%
Oristano
9%
Piacenza
9%
Teramo
9%
Foggia
8%
L'Aquila
8%
La Spezia
8%
Siena
8%
Lodi
6%
Reggio Calabria
6%
Verbano-Cusio-Ossola
6%
Belluno
5%
Lecco
5%
Novara
5%
Sondrio
5%
Vercelli
5%
Ravenna
4%
Nessun quiz corrispondente trovato
Distribuzione punteggi
Percentuale di utenti per punteggio
Percentile per numero di risposta
I tuoi punteggi nel tempo
Non hai fatto questo quiz